000 00542nam a2200193Ia 4500
005 20250923145517.0
008 008 250917s9999 xx 000 0 eng d
037 _aTextual
040 _aDSWL
_beng
_cDSWL
041 _aeng
_2eng
084 _aY12:4.2, N79
_qDSWL
245 0 _aSome facts of child development
_c by National Instt. Pub.Coop.
260 _aNew Delhi
_bDelhi The Author
_c1979
300 _a258p.
365 _aINR
_b30
925 _g30
942 _cTEXL
_hY12:4.2, N79
999 _c1452243
_d1452243